=LDR 00000nam 2200000 4500 =001 INLIS000000000030323 =005 20180308083153 =035 ##$$a 0010-061300000030323 =008 180308###########################0###### =041 ##$$a Ind =082 ##$$a 642.1 =090 ##$$a 642.1, Sug p =100 ##$$a Sugeng HR =245 1#$$a Petunjuk praktis menyusun menu, Sugeng HR =260 ##$$a 1984 :$b Semarang =300 ##$$a v, 78 hlm : $b ilus ; $c 17 cm =650 ##$$a Menyusun Menu =850 ##$$a NBPNMAT =020 ##$$a 978-979-736-891 =084 ##$$a 642.1 SUG p =990 ##$$a 54645464 =990 ##$$a 54645464 =990 ##$$a 54645464 =990 ##$$a 54645464 =990 ##$$a 54645464 =990 ##$$a 21710356 =990 ##$$a 01201805464 =990 ##$$a 01201805465 =990 ##$$a 01201805466 =990 ##$$a 01201805467 =990 ##$$a 21710357 =990 ##$$a 01201805464 =990 ##$$a 01201805465 =990 ##$$a 01201805466 =990 ##$$a 21710356 =990 ##$$a 21710358 =990 ##$$a 01201805464 =990 ##$$a 01201805465 =990 ##$$a 21710357 =990 ##$$a 21710356 =990 ##$$a 21710359 =990 ##$$a 01201805464 =990 ##$$a 21710358 =990 ##$$a 21710357 =990 ##$$a 21710356 =990 ##$$a 21710360 =990 ##$$a 21710359 =990 ##$$a 21710358 =990 ##$$a 21710357 =990 ##$$a 21710356